000 00324nam a22001337a 4500
008 170421b xxu||||| |||| 00| 0 eng d
020 _a9780312440831
041 _aeng
080 _24 ED
_a573
100 _a11
101 _aSHM
245 _aWRITING PAPERS IN THE BIOLOGICAL SCIENCE
_c,MCMILLAN.V.E
942 _2udc
_cBK
999 _c11463
_d11463